LEADER 05242nam 2201393 450 001 9910787069703321 005 20210625003322.0 010 $a0-691-14306-4 010 $a1-4008-3360-4 010 $a1-4008-5230-7 024 7 $a10.1515/9781400852307 035 $a(CKB)3710000000229943 035 $a(EBL)1708171 035 $a(OCoLC)890441533 035 $a(SSID)ssj0001385146 035 $a(PQKBManifestationID)11797005 035 $a(PQKBTitleCode)TC0001385146 035 $a(PQKBWorkID)11328866 035 $a(PQKB)11353064 035 $a(StDuBDS)EDZ0001755737 035 $a(OCoLC)933516685 035 $a(MdBmJHUP)muse38075 035 $a(DE-B1597)448058 035 $a(OCoLC)944086201 035 $a(OCoLC)979881939 035 $a(DE-B1597)9781400852307 035 $a(Au-PeEL)EBL1708171 035 $a(CaPaEBR)ebr10928378 035 $a(CaONFJC)MIL642345 035 $a(MiAaPQ)EBC1708171 035 $a(PPN)185860729 035 $a(EXLCZ)993710000000229943 100 $a20140921h20142014 uy 0 101 0 $aeng 135 $aurnn#---|u||u 181 $ctxt 182 $cc 183 $acr 200 10$a1989 $ethe struggle to create post-Cold War Europe /$fMary Elise Sarotte 205 $aUpdated edition with a New and Revised New Afterword 210 1$aPrinceton, New Jersey ;$aOxford, [England] :$cPrinceton University Press,$d2014. 210 4$dİ2014 215 $a1 online resource (xvi, 349 pages) 225 1 $aPrinceton Studies in International History and Politics 300 $aDescription based upon print version of record. 311 0 $a1-322-11094-8 311 0 $a0-691-16371-5 320 $aIncludes bibliographical references and index. 327 $tFront matter --$tCONTENTS --$tList of Illustrations --$tPreface: A Brief Note on Scholarship and Sources --$tAbbreviations --$tINTRODUCTION. Creating Post-Cold War Europe: 1989 and the Architecture of Order --$tCHAPTER 1. What Changes in Summer and Autumn 1989? --$tCHAPTER 2. Restoring Four-Power Rights, Reviving a Confederation in 1989 --$tCHAPTER 3. Heroic Aspirations in 1990 --$tCHAPTER 4. Prefab Prevails --$tCHAPTER 5. Securing Building Permits --$tCONCLUSION. The Legacy of 1989 and 1990 --$tAFTERWORD TO THE NEW EDITION. Revisiting 1989-1990 and the Origins of NATO Expansion --$tAcknowledgments --$tNotes --$tBibliography --$tIndex 330 $a1989 explores the momentous events following the fall of the Berlin Wall and the effects they have had on our world ever since. Based on documents, interviews, and television broadcasts from Washington, London, Paris, Bonn, Berlin, Warsaw, Moscow, and a dozen other locations, 1989 describes how Germany unified, NATO expansion began, and Russia got left on the periphery of the new Europe. This updated edition contains a new afterword with the most recent evidence on the 1990 origins of NATO's post-Cold War expansion. 410 0$aPrinceton studies in international history and politics. 606 $aWorld politics$y1989- 607 $aEurope$xHistory$y1989- 607 $aEurope$xPolitics and government$y1989- 610 $a1989. 610 $aAllied Control Commission. 610 $aBerlin Wall. 610 $aBerlin wall. 610 $aBerlin. 610 $aBush administration. 610 $aCold War. 610 $aEast German dissident movements. 610 $aEast Germany. 610 $aEuropean Community. 610 $aEuropean home. 610 $aFour Powers. 610 $aGerman states. 610 $aGerman unification. 610 $aGorbachev. 610 $aHans-Dietrich Genscher. 610 $aHelmut Kohl. 610 $aJames A. Baker III. 610 $aMikhail Gorbachev. 610 $aNATO expansion. 610 $aNATO reform. 610 $aNATO. 610 $aUSSR. 610 $aWest German Basic Law. 610 $aWestern standards. 610 $aarchitecture. 610 $ablueprints. 610 $abuilding permits. 610 $aconfederationism. 610 $adomestic institutions. 610 $afour-power control. 610 $aheroic model. 610 $aideas. 610 $ainstitutional-transfer model. 610 $ainternational economic institutions. 610 $ainternational institutions. 610 $ainternational military institutions. 610 $amodels. 610 $amultinationalism. 610 $anew Europe. 610 $anondemocratic regimes. 610 $aold order. 610 $apost-Cold War Europe. 610 $apost-Cold War. 610 $apower. 610 $aprefab model. 610 $aprefabricated institutions. 610 $aproperty pluralism. 610 $arestoration model. 610 $arevivalist model. 610 $asocialism. 610 $astate leaders. 610 $astate sovereignty. 610 $atransatlantic architecture. 615 0$aWorld politics 676 $a940.559 700 $aSarotte$b M. E.$0476020 701 $aSarotte$b Mary Elise$0476020 801 0$bMiAaPQ 801 1$bMiAaPQ 801 2$bMiAaPQ 906 $aBOOK 912 $a9910787069703321 996 $a1989$9242735 997 $aUNINA LEADER 04766nam 22008895 450 001 9910299435303321 005 20250609112044.0 010 $a3-319-16339-6 024 7 $a10.1007/978-3-319-16339-0 035 $a(CKB)3710000000404035 035 $a(EBL)2095933 035 $a(SSID)ssj0001501100 035 $a(PQKBManifestationID)11918313 035 $a(PQKBTitleCode)TC0001501100 035 $a(PQKBWorkID)11524117 035 $a(PQKB)11218122 035 $a(DE-He213)978-3-319-16339-0 035 $a(MiAaPQ)EBC2095933 035 $a(PPN)185488110 035 $a(MiAaPQ)EBC3110122 035 $a(EXLCZ)993710000000404035 100 $a20150430d2015 u| 0 101 0 $aeng 135 $aur|n|---||||| 181 $ctxt 182 $cc 183 $acr 200 10$aEcological Continuum from the Changjiang (Yangtze River) Watersheds to the East China Sea Continental Margin /$fedited by Jing Zhang 205 $a1st ed. 2015. 210 1$aCham :$cSpringer International Publishing :$cImprint: Springer,$d2015. 215 $a1 online resource (209 p.) 225 1 $aEstuaries of the World,$x2214-1553 300 $aDescription based upon print version of record. 311 08$a3-319-16338-8 320 $aIncludes bibliographical references. 327 $aChapter 1: Land?Ocean Interactions between the Changjiang (Yangtze River) -- Watersheds to the East China Sea Continental Margins -- Chapter 2: Hydrodynamics of the Changjiang Estuary and Adjacent Seas -- Chapter 3: Changjiang and Estuary sediment transport dynamics -- Chapter 4: Temporal variations in water and sediment discharge from the Changjiang (Yangtze River) and downstream sedimentary responses in the estuary -- Chapter 5: Plant Nutrients and Trace Elements from the Changjiang Watershed to the East China Sea -- Chapter 6: Organic matter and biomarkers of the Changjiang Estuary and East China Sea Shelf -- Chapter 7: Coastal Wetlands in the Changjiang Estuary -- Chapter 8: Marine Biology of the Changjiang (Yangtze River) Estuary and Adjacent East China Sea Shelf -- Chapter 9: Socio-economic Dimensions of the Coastal Environment of the East China Sea. 330 $aThe book provides a cross-disciplinary and multi-scale assessment of a world top river, the Changjiang (Yangtze River) and its adjacent marginal environment, the East China Sea. The studies in this volume bridges the watersheds of the river and the marginal sea through a combined approach of hydro-dynamics, geochemistry, sedimentary processes, ecology and fishery. The response of ecosystem to the external driving forces is examined via process-oriented observations, mesocosm experiments and numerical simulations in combination. The lessons learnt from the case studies of Changjiang and East China Sea can be beneficial to those who are doing inter-disciplinary researches in the continuum from watersheds to continental margins. 410 0$aEstuaries of the World,$x2214-1553 606 $aMarine sciences 606 $aFresh water 606 $aCoasts 606 $aAquatic ecology 606 $aHydrology 606 $aEnvironmental health 606 $aOceanography 606 $aMarine & Freshwater Sciences$3https://scigraph.springernature.com/ontologies/product-market-codes/U36000 606 $aCoastal Sciences$3https://scigraph.springernature.com/ontologies/product-market-codes/G35020 606 $aFreshwater & Marine Ecology$3https://scigraph.springernature.com/ontologies/product-market-codes/L19066 606 $aHydrology/Water Resources$3https://scigraph.springernature.com/ontologies/product-market-codes/211000 606 $aEnvironmental Health$3https://scigraph.springernature.com/ontologies/product-market-codes/U18005 606 $aOceanography$3https://scigraph.springernature.com/ontologies/product-market-codes/G25005 615 0$aMarine sciences. 615 0$aFresh water. 615 0$aCoasts. 615 0$aAquatic ecology. 615 0$aHydrology. 615 0$aEnvironmental health. 615 0$aOceanography. 615 14$aMarine & Freshwater Sciences. 615 24$aCoastal Sciences. 615 24$aFreshwater & Marine Ecology. 615 24$aHydrology/Water Resources. 615 24$aEnvironmental Health. 615 24$aOceanography. 676 $a333.7 676 $a551.4 676 $a551.46 676 $a551.48 676 $a551457 676 $a577.6 676 $a577.7 676 $a613.1 702 $aZhang$b Jing$4edt$4http://id.loc.gov/vocabulary/relators/edt 906 $aBOOK 912 $a9910299435303321 996 $aEcological Continuum from the Changjiang (Yangtze River) Watersheds to the East China Sea Continental Margin$92520678 997 $aUNINA